Entry Nombre personal
001 - NÚMERO DE CONTROL
- campo de control: 173960
003 - IDENTIFICADOR DE NÚMERO DE CONTROL
- campo de control: SpMaBN
005 - FECHA Y HORA DE LA ÚLTIMA TRANSACCIÓN
- campo de control: 20240216163035.0
008 - ELEMENTOS DE DATO DE LONGITUD-FIJA
- campo de control de longitud fija: 920618n| aijnnaabn |a aaa
016 ## - NÚMERO DE CONTROL DE UNA AGENCIA BIBLIOGRÁFICA NACIONAL
- Número de control del registro: BNE19925536852
024 7# - IDENTIFICADOR DE OTROS ESTÁNDARES
- Número estándar o código: http://viaf.org/viaf/311006946/
- Fuente: viaf
024 7# - IDENTIFICADOR DE OTROS ESTÁNDARES
- Número estándar o código: https://orcid.org/0000-0002-6777-4049
- Fuente: orcid
024 7# - IDENTIFICADOR DE OTROS ESTÁNDARES
- Número estándar o código: https://isni.org/isni/0000000118719337
- Fuente: isni
024 7# - IDENTIFICADOR DE OTROS ESTÁNDARES
- Número estándar o código: http://www.wikidata.org/entity/Q73634694
- Fuente: wikidata
040 ## - FUENTE DE CATALOGACIÓN
- Centro catalogador/agencia de origen: SpMaBN
- Lengua de catalogación: spa
- Centro/agencia transcriptor: SpMaBN
- Normas de descripción: rdc
- Convención/Normas de encabezamiento de materia/tesauro: embne
100 1# - ENCABEZAMIENTO-NOMBRE DE PERSONA
- Nombre de persona: Ezama Gil, Ángeles
373 ## - GRUPO ASOCIADO
- Grupo asociado: Universidad de Zaragoza
- Fuente del término: abne
375 ## - GÉNERO/SEXO
- Género: Femenino
377 ## - IDIOMA ASOCIADO
- Código del idioma: spa
- Término de lengua/lenguaje: Español
400 1# - TRAZADO DE VÉASE--NOMBRE DE PERSONA
- Nombre de persona: Ezama, Ángeles
400 1# - TRAZADO DE VÉASE--NOMBRE DE PERSONA
- Nombre de persona: Ezama Gil, María Ángeles
670 ## - FUENTE DE DATOS ENCONTRADOS
- Cita de la fuente: El cuento de la prensa y otros cuentos, 1992
- Información encontrada: port. (Ángeles Ezama Gil)
670 ## - FUENTE DE DATOS ENCONTRADOS
- Cita de la fuente: ¡Adiós, cordera! y otros cuentos, 2001
- Información encontrada: port. (ed. de Ángeles Ezama)
670 ## - FUENTE DE DATOS ENCONTRADOS
- Cita de la fuente: Correspondencia, 2002
- Información encontrada: port. (ed. María Ángeles Ezama Gil)
